Polskie miasta na J według podpowiedzi - Statystyki

Ogólne statystyki
  • Ten quiz został rozwiązany 165 razy
  • Średni wynik to 6 z 10
Statystyki odpowiedzi
Podpowiedź Miasto % Poprawnych
Leży na Półwyspie Helskim. Jastarnia
87%
Słynie z klubu siatkarskiego. Pomimo nazwy tamtejsze uzdrowisko zlikwidowano w 1994 r. Jastrzębie-Zdrój
85%
Cieplice Śląskie-Zdrój to uzdrowiskowa część tego miasta w Karkonoszach. Jelenia Góra
74%
Słynie z Festiwalu Muzyków Rockowych i leży w Wielkopolsce. Jarocin
71%
Tamtejsza elektrownia posiada najwyższy komin w Polsce o wysokości 306 m. Jaworzno
60%
To świętokrzyskie miasto słynie z największej w UE kolekcji zegarów słonecznych. Jędrzejów
56%
Na listę światowego dziedzictwa UNESCO wpisano tamtejszy Kościół Pokoju. Jawor
54%
10 lipca 1941 r. Polacy dokonali tam pogromu na ludności żydowskiej. Jedwabne
54%
Słynie z przedsiębiorstwa motoryzacyjnego i leży niedaleko Wrocławia. Jelcz-Laskowice
54%
Jedno miasto o tej nazwie leży pod Warszawą, drugie 30 km od Zamościa. Józefów
40%
Nie znaleziono quizów pasujących do podanych kryteriów
Rozkład punktacji
Procent ludzi z każdym wynikiem
Percentyl według liczby udzielonych odpowiedzi
Twoja historia wyników
Nie rozwiązałeś tego quizu